000
00242nam a2200097Ia 4500
001
643395
005
20250826153545.0
008
250824s9999 xx 000 0 und d
245
0
_a
PAPKİN KORKUNÇ DENEY
_c
İDİL ÜNLÜ
260
_b
GENÇ TİMAŞ
999
_c
643395
_d
643395